000 00415nam a2200157Ia 4500
008 180207s9999 xx 000 0 und d
020 _a9789715181808
050 _bM995 2008
245 _aMy very first bible stories /
260 _aQuezon City, Philippines :
260 _bLampara Publishing House, Inc.,
260 _c2008
300 _aunpaged :
300 _bcolor illustration ;
440 _aBaby heart.
999 _c355269
_d355269